| 000 | 00891nam a22002417a 4500 | ||
|---|---|---|---|
| 005 | 20090525110556.0 | ||
| 008 | 090525t xxu||||| |||| 00| 0 eng d | ||
| 010 | _aENG-93707 | ||
| 020 |
_a0070264228 _c310.00 |
||
| 020 |
_a9780070264229 _c310.00 |
||
| 035 | _aEN-77240 | ||
| 037 | _bDBAD / PUB | ||
| 040 |
_adpl _bEnglish |
||
| 082 | _a510 | ||
| 245 |
_aIIT mathematics : _btopic-wise solved questions since 1978 |
||
| 260 |
_aNew Delhi _bTata McGraw-Hill Publishing _c2009 |
||
| 270 |
_a7 West Patel Nagar, _bNew Delhi _e110008 |
||
| 300 |
_aVarious pagings _c30cm(pbk) |
||
| 490 | _aTataMcGraw-Hill's winning we edge series | ||
| 650 |
_aMathematics _xExaminations, questions, etc. |
||
| 942 |
_2ddc _cEN _mIIT _h510 |
||
| 999 |
_c26752 _d26752 |
||